000 00452nam a2200169 a 4500
005 20140310183301.0
008 041208s19uu xx 00 eng d
020 _a0451524535
050 _aPZ 7
_b.V594 1969
100 _aVerne, Jules
245 _a20,000 leagues under the sea/.
_cJules Verne
260 _aNew York ;
_bA signet Classic,
_c1969.
300 _a380 p. :
_c17 cm.
650 _aScience Fiction.
942 _cBK
_2lcc
999 _c20988
_d20988